All Bay of Bengal Cities 600k+ - Statistics

General Stats
  • This quiz has been taken 34 times
  • The average score is 7 of 10
Answer Stats
Country City Population % Correct
Bangladesh Chittagong 2.5 million
96%
Bangladesh Dhaka 8.9 million
96%
India Kolkata 14.8 million
96%
India Chennai 7 million
86%
Myanmar Yangon 4.3 million
82%
India Visakhapatnam 1.7 million
50%
India Bhubaneswar 837k
46%
India Vijayawada 1 million
43%
India Howrah 4.8 million
32%
India Cuttack 606k
29%
No matching quizzes found
Score Distribution
Percent of People with Each Score
Percentile by Number Answered
Your Score History
You have not taken this quiz